Negro sobre negro
Na minha lista:
| Autor principal: | |
|---|---|
| Formato: | Livro |
| Idioma: | Undetermined |
| Publicado em: |
Barcelona, España
Bruguera
1984
|
| Assuntos: | |
| Tags: |
Adicionar Tag
Sem tags, seja o primeiro a adicionar uma tag!
|
MARC
| LEADER | 00000nam a2200000Ia 4500 | ||
|---|---|---|---|
| 008 | 170316s9999 xx 000 0 und d | ||
| 999 | |c 8215 |d 8215 | ||
| 040 | |a cru BVZT | ||
| 090 | |a 850 S-3n | ||
| 100 | |a Sciascia, Leonardo | ||
| 245 | |a Negro sobre negro |c / Leonardo Sciascia | ||
| 260 | |a Barcelona, España |b Bruguera |c 1984 | ||
| 300 | |a 256 páginas | ||
| 650 | |a LITERATURA ITALIANA |9 212 | ||
| 942 | |c 15 D |h 850 S-3n |2 z | ||
